00370pab a2200121 454500008004000000100002000040245009600060260000900156300001200165362001500177650002700192773002900219180718b1988 xxu||||| |||| 00| 0 eng d aJayashankar, R. aComputerised information system for maintenance management - a study of Mormugao Port Trust c1988 a153-165 aJul.-Sept. aComputers - Management aManagement in Government